Prismes sonores (Record no. 155)
[ view plain ]
| 000 -LEADER | |
|---|---|
| Leader | 00624npm a2200157 4500 |
| 003 - IDENTIFIANT DE NUMÉRO DE CONTRÔLE | |
| champ de contrôle | OSt |
| 005 - DATE ET HEURE DE LA DERNIÈRE TRANSACTION | |
| champ de contrôle | 20250405160429.0 |
| 008 - Éléments de longueur fixe - Renseignements généraux | |
| Leader | 250325b |||||||| |||| 00| 0 fre d |
| 040 ## - SOURCE DE CATALOGAGE | |
| Agence transcriptrice | autismepaimpol.fr |
| 245 ## - Titre | |
| Titre | Prismes sonores |
| 246 ## - Pour qui ? Pour quoi ? | |
| Pour quoi ? Pour qui ? | Pour stimuler l'écoute. |
| 942 ## - Type d'objet | |
| Type d'objet | Matériel sensoriel |
| 500 ## - Description | |
| Description | Ces 12 prismes en bois sont organisés en paires de sons. |
| 520 ## - Abrégé | |
| Abrégé | Secouez-les et retrouvez à l’oreille la bonne paire ! Les notes de couleurs permettent de vérifier les paires.<br/>Leur forme permet une manipulation facile et de multiples jeux : construction, empilage, tri, mémory…<br/> |
| 562 ## - NOTE D'IDENTIFICATION DE L'EXEMPLAIRE ET DE LA VERSION | |
| Format de présentation | Dim 5 x 6 cm. |
| 999 ## - | |
| -- | 155 |
| -- | 155 |
| Statut retiré des collections | Statut perdu | Source de classification / plan de classement | Statut endommagé | Exclu du prêt | Site de rattachement | Site actuel | Date d'acquisition | Total des prêts | Code à barres | Vu en dernier | Prix effectif de | Type de document Koha |
|---|---|---|---|---|---|---|---|---|---|---|---|---|
| Classification décimale de Dewey | Autisme Paimpol - Matériel | Autisme Paimpol - Matériel | 25/03/2025 | 91 | 25/03/2025 | 25/03/2025 | Matériel sensoriel |